Detalles MARC
| 000 -LÍDER |
| Campo fijo de descripción fija |
01437nam a2200349 i 4500 |
| 001 - NÚMERO DE CONTROL |
| Campo de control |
768714001 |
| 003 - IDENTIFICADOR DEL NÚMERO DE CONTROL |
| Campo de control |
CO-MdFUSB |
| 005 - FECHA Y HORA DE LA ULTIMA TRANSACCIÓN |
| control field |
20230411120536.0 |
| 007 - CAMPO FIJO DE DESCRIPCIÓN FIJA--INFORMACIÓN GENERAL |
| Campo fijo de descripción fija |
ta |
| 008 - ELEMENTOS DE LONGITUD FIJA -- INFORMACIÓN GENERAL |
| Campo fijo de descripción fija -- Información general |
220219t2006 gt ad||| |||| 00| 0 spa d |
| 020 ## - NÚMERO INTERNACIONAL NORMALIZADO PARA LIBROS |
| Información adicional |
[No incluye ISBN] |
| 040 ## - FUENTE DE CATALOGACIÓN |
| Agencia de catalogación original |
CO-MdFUSB |
| Idioma de catalogación |
spa |
| Agencia que realiza la transcripción |
CO-MdFUSB |
| Agencia que realiza la modificación |
CO-MdFUSBC |
| Convenciones de la descripción |
rda |
| 041 ## - CÓDIGO DE IDIOMA |
| Código de idioma para texto/pista de sonido o título separado |
spa |
| 082 ## - NÚMERO DE CLASIFICACIÓN DECIMAL DEWEY |
| Número de la edición del Dewey |
23 |
| Número de clasificación |
371.27 |
| Clave de autor-Numero de item |
H564 |
| 110 ## - ASIENTO PRINCIPAL--NOMBRE CORPORATIVO |
| Nombre corporativo o de jurisdicción como elemento de entrada |
Ministerio de Educación Guatemala, |
| 245 ## - TÍTULO |
| Título del Material |
Herramientas de evaluación en el aula |
| Mención de responsabilidad, etc. |
/ Ministerio de Educación Guatemala |
| 264 #1 - PRODUCCIÓN, PUBLICACIÓN, DISTRIBUCIÓN, MANUFACTURA, Y COPYRIGHT |
| Lugar de producción, publicación, distribución, manufactura |
Guatemala : |
| Nombre del productor, publicador, distribuidor |
Dirección de Calidad y Desarrollo Educativo, |
| Fecha de producción, publicación, distribución, manufactura, o copyright |
[2006] |
| 264 #4 - PRODUCCIÓN, PUBLICACIÓN, DISTRIBUCIÓN, MANUFACTURA, Y COPYRIGHT |
| Fecha de producción, publicación, distribución, manufactura, o copyright |
© 2006 |
| 300 ## - DESCRIPCIÓN FÍSICA |
| Extensión |
128 páginas |
| Dimensiones |
; 27 cm |
| 336 ## - TIPO DE CONTENIDO |
| Fuente |
rdacontent |
| Término de tipo de contenido |
texto |
| Código de tipo de contenido |
txt |
| 337 ## - TIPO DE MEDIO |
| Fuente |
rdamedia |
| Nombre del tipo de medio |
sin mediación |
| Código del tipo de medio |
n |
| 338 ## - TIPO DE SOPORTE |
| Fuente |
rdacarrier |
| Nombre del tipo de soporte |
volumen |
| Código Tipo de soporte |
nc |
| 505 ## - NOTA DE CONTENIDO |
| Título |
Primera parte: Teoría de Evaluación |
| Nota de contenido con formato preestablecido |
El reto de la evaluación en el nuevo curriculum. -- La evaluación en el Nuevo Curriculum. -- Aplicacion de la evaluación en el proceso de aprendizaje. |
| 505 ## - NOTA DE CONTENIDO |
| Título |
Segunda parte: Actividades de autoevaluación y coevaluación: |
| Nota de contenido con formato preestablecido |
Actividades de autoevaluación. -- Actividades de coevaluación. |
| 505 ## - NOTA DE CONTENIDO |
| Título |
Tercera parte. Formatos en blanco para heteroevaluación. |
| Nota de contenido con formato preestablecido |
Instrumentos para la heteroevaluación. |
| 563 ## - NOTA DE ENCUADERNACIÓN |
| Nota de encuadernación |
Rústico |
| 650 #0 - ASIENTO SECUNDARIO DE MATERIA - TERMINO TEMÁTICO |
| 9 (RLIN) |
984 |
| Término temático o nombre geográfico como elemento de entrada |
Educación |
| Subdivisión de forma |
Manual |
| 650 #7 - ASIENTO SECUNDARIO DE MATERIA - TERMINO TEMÁTICO |
| 9 (RLIN) |
7005 |
| Término temático o nombre geográfico como elemento de entrada |
Investigación |
| Fuente del encabezamiento o término |
embne |
| Subdivisión general |
Evaluación |
| 653 ## - TÉRMINO DE INDIZACIÓN - NO CONTROLADO |
| Término no controlado |
Educación -- Evaluación. |
| 942 ## - TIPO DE MATERIAL (KOHA) |
| Tipo de Item KOHA |
Libros General |
| 945 ## - INFORMACIÓN LOCAL DEL REGISTRO |
| Catalogador |
JTF-925 |